000 00665nam a2200265Ia 4500
005 20260121171651.0
008 008 260114s9999 xx 000 0 eng d
020 _a9789813294493
037 _aEBOOK
040 _aCRL
040 _beng
040 _cCRL
041 _2eng
041 _aeng
084 _qCRL
100 _aSaif Hameed, Zeeshan Fatima
_91079024
245 0 _aPathogenicity and Drug Resistance of Human Pathogens
260 _bSpringer
260 _bSpringer
260 _c2019
856 _uhttps://link.springer.com/openurl?genre=book&isbn=978-981-32-9449-3
942 _cEBOOK
999 _c1644754
_d1644754